000 00468nam a22001697a 4500
003 OSt
005 20250109161640.0
008 250109b |||||||| |||| 00| 0 eng d
020 _a9788185787143
040 _aSRHU
_bEnglish
_cDrolia Pustak Bhandar
082 _22nd
245 _a Dyanamics Of yoga
_cSwami Sadananda Saraswathi
250 _a2nd
260 _a Bihar
_b Yoga Publication Trust
_c2009
300 _ax,163p
_c20cm
942 _2ddc
_cYS
_e2nd
999 _c19315
_d19315